000 00737nam a2200205Ii 4500
003 JO-AjNU
008 230606s9999||||xx |||||||||||||| ||und||
040 _aJO-AjNU
_beng
_erda
_cJO-AjNU
041 _aeng
050 1 4 _aBP76.K5288 2005
100 3 _aKhalid, Muhammad Khalid ; Translated: Muhammad Mahdi Al-Sharif,
_eauthor
_95318
245 0 4 _aThe Successors of the Messenger Alla's Blessing and Peace be Upon him=خلفاء الرسول صلى الله عليه وسلم
250 _aFirst Edition
264 3 1 _aBeirut: Dar Al-Kotob Al-Ilmiyah, 2005
300 _a519P
336 _atext
_btxt
_2rdacontent
337 _aunmediated
_bn
_2rdamedia
338 _avolume
_bnc
_2rdacarrier
650 4 _aBiography of the Prophet
_95319
999 _aE2747
_c2745
_d2745